Car Models 10 - Statistics

General Stats
  • This quiz has been taken 31 times
    21 since last reset
  • The average score is 9 of 16
Answer Stats
Picture Answer % Correct
BMW M6
100%
Ferrari SF90 Stradale
88%
Alfa Romeo Giulia
82%
Mercedes-Benz A Class
76%
Pagani Zonda
76%
Audi A5
59%
Chrysler 200
53%
Citroën C4
53%
Dodge Caliber
53%
Jaguar XKR
53%
Holden VF Ute
47%
TVR Tuscan
41%
Acura RSX
35%
Opel Manta
29%
Plymouth Fury
18%
Datsun 2000
6%
No matching quizzes found
Score Distribution
Percent of People with Each Score
Percentile by Number Answered
Your Score History
You have not taken this quiz since the last reset